| Tag |
First Indicator |
Second Indicator |
Subfields |
| LEADER |
00000cam a2200000Ii 4500 |
| 001 |
in00003537413 |
| 005 |
20151105212035.0 |
| 008 |
140714s2015 enka b 001 0 eng d |
| 020 |
|
|
|a 1780674082
|
| 020 |
|
|
|a 9781780674087
|
| 029 |
1 |
|
|a AU@
|b 000054412223
|
| 029 |
1 |
|
|a UNITY
|b 135859301
|
| 029 |
1 |
|
|a NZ1
|b 15896995
|
| 029 |
1 |
|
|a NLGGC
|b 391136151
|
| 035 |
|
|
|a (OCoLC)ocn883650468
|
| 035 |
|
|
|a (OCoLC)883650468
|
| 040 |
|
|
|a YDXCP
|b eng
|e rda
|c YDXCP
|d BTCTA
|d BDX
|d OCLCQ
|d ERASA
|d NZLPP
|d OCLCO
|d CLE
|d UtOrBLW
|
| 049 |
|
|
|a TXAM
|
| 050 |
|
4 |
|a NC965
|b .S228 2015
|
| 082 |
0 |
4 |
|a 741.642
|2 23
|
| 100 |
1 |
|
|a Salisbury, Martin,
|e author.
|
| 245 |
1 |
0 |
|a 100 great children's picturebooks /
|c Martin Salisbury.
|
| 246 |
3 |
|
|a One hundred great children's picturebooks
|
| 264 |
|
1 |
|a London :
|b Laurence King Publishing, Ltd,
|c 2015.
|
| 300 |
|
|
|a 216 pages :
|b color illustrations ;
|c 29 cm
|
| 336 |
|
|
|a text
|b txt
|2 rdacontent
|
| 336 |
|
|
|a still image
|b sti
|2 rdacontent
|
| 337 |
|
|
|a unmediated
|b n
|2 rdamedia
|
| 338 |
|
|
|a volume
|b nc
|2 rdacarrier
|
| 504 |
|
|
|a Includes bibliographical references (pages 212-213) and index.
|
| 520 |
|
|
|a Each book is a creation of genius and inventiveness, and their design and illustration represent such diverse trends as the Russian Constructivists, Italian Futurists and Postwar Neo-romantics. They are also mirrors of their times reflecting social concerns from a child's and family's perspectives throughout the twentieth and into the twenty-first century. Fearlessly confronting the frontiers between a child's picturebook and art, this is a collection of books that anyone with an interest in design, illustration or simply children's literature should know about.
|
| 650 |
|
0 |
|a Illustrated children's books.
|
| 650 |
|
0 |
|a Children's literature
|v Illustrations.
|
| 650 |
|
0 |
|a Illustration of books.
|
| 650 |
|
0 |
|a Picture books for children.
|
| 650 |
|
0 |
|a Best books.
|
| 650 |
|
0 |
|a Children's libraries
|v Book lists.
|
| 938 |
|
|
|a Brodart
|b BROD
|n 109906101
|
| 938 |
|
|
|a Baker and Taylor
|b BTCP
|n BK0015283120
|
| 938 |
|
|
|a YBP Library Services
|b YANK
|n 11971408
|
| 938 |
|
|
|a Erasmus Boekhandel
|b ERAA
|n NTS0000197004
|
| 947 |
|
|
|a A14842990062
|
| 945 |
|
|
|a PromptCat
|b 218414
|
| 946 |
|
|
|a stk
|
| 994 |
|
|
|a 92
|b TXA
|
| 948 |
|
|
|a Cataloged
|b h
|c 2015/6/11
|d c
|e AReeder
|
| 999 |
|
|
|a MARS
|
| 999 |
f |
f |
|s b80dc17d-f65b-3c23-9fef-e9c178ce788d
|i 660982aa-42ef-3191-84b9-9d9a047c7985
|t 0
|
| 952 |
f |
f |
|p normal
|a Texas A&M University
|b College Station
|c Sterling C. Evans Library
|d Evans: Library Stacks
|t 0
|e NC965 .S228 2015
|h Library of Congress classification
|i unmediated -- volume
|m A14842990062
|
| 998 |
f |
f |
|a NC965 .S228 2015
|t 0
|l Evans: Library Stacks
|